Statistics for U.S. Aircraft Carriers Named After Presidents

Click here to take the quiz!

General Stats

  • This quiz has been taken 281 times
  • The average score is 8 of 10

Answer Stats

President% Correct
George Washington
90%
Abraham Lincoln
87%
Franklin D. Roosevelt
86%
Theodore Roosevelt
85%
John F. Kennedy
84%
Dwight D. Eisenhower
79%
George H.W. Bush
76%
Ronald Reagan
75%
Gerald R. Ford
74%
Harry S. Truman
74%

Score Distribution

Percentile by Number Answered

Percent of People with Each Score

Your Score History

You have not taken this quiz